Catálogo de la Biblioteca Horacio González - Universidad Nacional de General Sarmiento

No abras nunca esa puerta (Registro nro. 55102)

Detalles MARC
000 -CABECERA
campo de control de longitud fija 01747ngm a22003730a 4500
001 - NÚMERO DE CONTROL
campo de control PT38787
003 - IDENTIFICADOR DEL NÚMERO DE CONTROL
campo de control AR-LpoUNG
005 - FECHA Y HORA DE LA ÚLTIMA TRANSACCIÓN
campo de control 20210202000534.0
007 - CAMPO FIJO DE DESCRIPCIÓN FÍSICA--INFORMACIÓN GENERAL
campo de control de longitud fija vd cvaizq
008 - DATOS DE LONGITUD FIJA--INFORMACIÓN GENERAL
campo de control de longitud fija 191001s1952||||ag |||||||||||||||||spa d
040 ## - FUENTE DE LA CATALOGACIÓN
Centro catalogador/agencia de origen AR-LpoUNG
Lengua de catalogación spa
Centro/agencia transcriptor AR-LpoUNG
Normas de descripción aacr
041 ## - CÓDIGO DE LENGUA
Código de lengua del texto/banda sonora o título independiente spa
044 ## - CÓDIGO DEL PAÍS DE LA ENTIDAD EDITORA/PRODUCTORA
Código MARC del país ag
082 0# - NÚMERO DE LA CLASIFICACIÓN DECIMAL DEWEY
Número de clasificación 302.54 555abr
100 1# - ENTRADA PRINCIPAL--NOMBRE DE PERSONA
Nombre de persona Christensen, Carlos Hugo
Término indicativo de función/relación dir.
245 10 - MENCIÓN DE TÍTULO
Título No abras nunca esa puerta
260 ## - PUBLICACIÓN, DISTRIBUCIÓN, ETC.
Lugar de publicación, distribución, etc. Buenos Aires :
Nombre del editor, distribuidor, etc. Arte Video,
Fecha de publicación, distribución, etc. 23 de mayo de 1952.
300 ## - DESCRIPCIÓN FÍSICA
Extensión DVD (85 min.) : son., byn
505 0# - NOTA DE CONTENIDO CON FORMATO
Nota de contenido con formato Dirección de producción: Julio Ferrando. - Jefe de Producción: Ángel Zavalía.- Asistente de Dirección: José Arturo Pimentel. - Fotografía: Pablo Tabernero. - Elenco: Ángel Magaña, Renée Dumas, Nicolás Fregues, Diana de Córdoba
520 ## - SUMARIO, ETC.
Sumario, etc. Un electrizante policial con dos episodios independientes que tienen en común la puerta que separa el bien del mal. En el primer segmento, "Alguien al teléfono", Ángel Magaña intenta vengar la muerte de su hermana, una muchacha que se suicida por deudas de juego. En el segundo, "El pájaro cantor vuelve al hogar", Roberto Escalada es un ex presidiario que silba cuando comete crímenes, y regresa al hogar donde lo espera su madre ciega, que lo cree regenerado. Un tercer cuento iba a ser incluido en este film pero por cuestiones de metraje quedó afuera y luego se convirtió en otra película: "Si muero antes de despertar".
650 #4 - PUNTO DE ACCESO ADICIONAL DE MATERIA--TÉRMINO DE MATERIA
Término de materia o nombre geográfico como elemento de entrada ARGENTINA
650 #4 - PUNTO DE ACCESO ADICIONAL DE MATERIA--TÉRMINO DE MATERIA
Término de materia o nombre geográfico como elemento de entrada CRIMENES
650 #4 - PUNTO DE ACCESO ADICIONAL DE MATERIA--TÉRMINO DE MATERIA
Término de materia o nombre geográfico como elemento de entrada POLICIA
650 #4 - PUNTO DE ACCESO ADICIONAL DE MATERIA--TÉRMINO DE MATERIA
Término de materia o nombre geográfico como elemento de entrada RELACIONES HUMANAS
650 #4 - PUNTO DE ACCESO ADICIONAL DE MATERIA--TÉRMINO DE MATERIA
Término de materia o nombre geográfico como elemento de entrada VIOLENCIA
651 #4 - PUNTO DE ACCESO ADICIONAL DE MATERIA--NOMBRE GEOGRÁFICO
Nombre geográfico Argentina
653 ## - TÉRMINO DE INDIZACIÓN--NO CONTROLADO
Término no controlado CINE
653 ## - TÉRMINO DE INDIZACIÓN--NO CONTROLADO
Término no controlado CINE NACIONAL
653 ## - TÉRMINO DE INDIZACIÓN--NO CONTROLADO
Término no controlado DVD
653 ## - TÉRMINO DE INDIZACIÓN--NO CONTROLADO
Término no controlado POLICIAL
653 ## - TÉRMINO DE INDIZACIÓN--NO CONTROLADO
Término no controlado VIDEOS
905 ## - ELEMENTOS DE DATOS E LOCAL, LDE (RLIN)
a 38787
942 ## - ELEMENTOS DE PUNTO DE ACCESO ADICIONAL (KOHA)
Tipo de ítem Koha DVD
Existencias
Estado de retiro Estado de pérdida Estado dañado No para préstamo Código de colección Localización permanente Ubicación/localización actual Fecha de adquisición Total de préstamos Signatura topográfica completa Código de barras Fecha visto por última vez Precio válido a partir de Tipo de ítem Koha
        Colección Cine Biblioteca Universidad Nacional de General Sarmiento Biblioteca Universidad Nacional de General Sarmiento 02/02/2021   302.54 555abr 00044311 02/02/2021 02/02/2021 DVD